Statistiques concernant Liste des directeurs (révolution française)

Cliquez ici pour prendre le quiz!

Statistiques générales

  • Ce quiz a été pris 5 fois
  • Le résultat moyen est 2 sur 13

Statistiques - réponses

directeurs% Correct
Emmanuel-Joseph Sieyès
80%
Paul Barras
80%
Lazare Carnot
40%
Étienne-François Le Tourneur
0%
François Barthélemy
0%
Jean-Baptiste Treilhard
0%
Jean-François Moulin
0%
Jean-François Reubell
0%
Louis Gohier
0%
Louis-Marie de La Révellière-Lépeaux
0%
Nicolas François de Neufchâteau
0%
Philippe-Antoine Merlin de Douai
0%
Roger Ducos
0%

Distribution des résultats

Percentile par nombre de réponses

% des personnes avec chaque résultat

Votre développement - résultats

Vous n’avez pas pris ce quiz